000 00619cam a2200193 4500500
005 20260329004034.0
041 _afre
042 _adc
100 1 0 _aTenaillon, Nicolas
_eauthor
245 0 0 _aHistoire des théories de la mémoire. Cours au Collège de France 1903-1904
260 _c2018.
500 _a43
690 _aCollège de France
690 _aCours
690 _aHenri Bergson
690 _aScience
786 0 _nPhilosophie magazine | 117 | 3 | 2018-03-01 | p. 61-61 | 1951-1787
856 4 1 _uhttps://shs.cairn.info/magazine-philosophie-magazine-2018-3-page-61?lang=fr&redirect-ssocas=7080
999 _c1830021
_d1830021